Vývoj postavení amerických vysokoškolských pedagogů
Americké prostredie vysokých škôl. Vývoj postavenia amerických vysokoškolských pedagógov a porovnanie niektorých charakteristík s českým prostredím. Príjmy vysokoškolských pedagógov. Určovanie kvality vyučujúceho na vysokej škole. Štruktúra pozícií na amerických univerzitách. Vedecko-pedagogickí pra...
Salvato in:
| Autore principale: | |
|---|---|
| Natura: | Capitolo di libro |
| Lingua: | ceco |
| Soggetti: | |
| Tags: |
Nessun Tag, puoi essere il primo ad aggiungerne!!
|
MARC
| LEADER | 00000naa$a2200000$$$4500 | ||
|---|---|---|---|
| 001 | 0019647 | ||
| 005 | 20230919104147.6 | ||
| 041 | 0 | |a cze | |
| 044 | |a CZ | ||
| 245 | 1 | 0 | |a Vývoj postavení amerických vysokoškolských pedagogů |c Hana Ripková |
| 520 | |a Americké prostredie vysokých škôl. Vývoj postavenia amerických vysokoškolských pedagógov a porovnanie niektorých charakteristík s českým prostredím. Príjmy vysokoškolských pedagógov. Určovanie kvality vyučujúceho na vysokej škole. Štruktúra pozícií na amerických univerzitách. Vedecko-pedagogickí pracovníci. | ||
| 610 | 2 | 0 | |a učitelia |
| 610 | 2 | 0 | |a univerzity |
| 610 | 2 | 0 | |a školy vysoké |
| 610 | 2 | 0 | |a USA |
| 610 | 2 | 0 | |a porovnanie medzinárodné |
| 610 | 2 | 0 | |a Česko |
| 100 | 1 | |a Ripková, Hana | |